Sadiq Khan to kickstart major council homebuilding comeback in London (Record no. 85172)

MARC details
000 -LEADER
fixed length control field 01094cab a22002295a 4500
001 - CONTROL NUMBER
control field L160067
008 - FIXED-LENGTH DATA ELEMENTS--GENERAL INFORMATION
fixed length control field 180516e2018 xxk 000 0 eng d
035 ## - SYSTEM CONTROL NUMBER
System control number (Sirsi) u160067
041 0# - LANGUAGE CODE
Language code of text/sound track or separate title eng
110 2# - MAIN ENTRY--CORPORATE NAME
Corporate name or jurisdiction name as entry element Mayor of London
245 00 - TITLE STATEMENT
Title Sadiq Khan to kickstart major council homebuilding comeback in London
Medium [electronic resource]
490 ## - SERIES STATEMENT
Series statement Mayor of London Press Release
Volume/sequential designation 16 May 2018
520 ## - SUMMARY, ETC.
Summary, etc. Mayor of London Sadiq Khan has launched his Building Council Homes for Londoners programme aimed at building 10,000 new council homes in London up to 2022. London Boroughs can bid for funding to build council homes from a £1.67bn fund, Lewisham LBC and Newham LBC have already been granted funding under the scheme
590 ## - LOCAL NOTE (RLIN)
Local note KA
650 24 - SUBJECT ADDED ENTRY--TOPICAL TERM
Topical term or geographic name entry element SOCIAL HOUSING
650 24 - SUBJECT ADDED ENTRY--TOPICAL TERM
Topical term or geographic name entry element BUILDING COUNCIL HOMES FOR LONDONERS
650 24 - SUBJECT ADDED ENTRY--TOPICAL TERM
Topical term or geographic name entry element COUNCIL HOUSING
651 #4 - SUBJECT ADDED ENTRY--GEOGRAPHIC NAME
Geographic name London
690 ## - LOCAL SUBJECT ADDED ENTRY--TOPICAL TERM (OCLC, RLIN)
Topical term or geographic name as entry element Affordable housing
9 (RLIN) 6215
856 40 - ELECTRONIC LOCATION AND ACCESS
Uniform Resource Identifier <a href="https://www.london.gov.uk/press-releases/mayoral/mayor-to-help-councils-start-10000-new-homes">https://www.london.gov.uk/press-releases/mayoral/mayor-to-help-councils-start-10000-new-homes</a>
Public note View the item free of charge from www.london.gov.uk
942 ## - ADDED ENTRY ELEMENTS (KOHA)
Suppress in OPAC 0
Holdings
Withdrawn status Lost status Source of classification or shelving scheme Damaged status Not for loan Home library Current library Shelving location Date acquired Total Checkouts Full call number Barcode Date last seen Copy number Price effective from Koha item type
    Dewey Decimal Classification     Virtual Virtual Online 16/05/2018   ONLINE PUBLICATION 160067-2001 06/08/2019 1 06/08/2019 Journal article